| Tag |
First Indicator |
Second Indicator |
Subfields |
| LEADER |
00000cam a22000008a 4500 |
| 001 |
in00000007533 |
| 005 |
20151005090022.0 |
| 008 |
870423s1987 ncuacf b 00110deng |
| 010 |
|
|
|a 87012547
|
| 020 |
|
|
|a 0912697709
|
| 035 |
|
|
|a (OCoLC)15662072
|
| 035 |
|
|
|9 AAA2028AM
|
| 040 |
|
|
|a DLC
|c DLC
|d m/c
|d TXA
|d UtOrBLW
|
| 043 |
|
|
|a n-us-va
|
| 049 |
|
|
|a TXAM
|c [A12617983]
|
| 050 |
0 |
0 |
|a PN4899.R53
|b D3 1987
|
| 082 |
0 |
|
|a 070.4/1/0922
|a B
|2 19
|
| 100 |
1 |
|
|a Dabney, Virginius,
|d 1901-1995.
|
| 245 |
1 |
0 |
|a Pistols and pointed pens :
|b the dueling editors of old Virginia /
|c by Virginius Dabney.
|
| 263 |
|
|
|a 8710
|
| 264 |
|
1 |
|a Chapel Hill, N.C. :
|b Algonquin Books of Chapel Hill,
|c 1987.
|
| 300 |
|
|
|a xxi, 193 pages, 16 unnumbered pages of plates :
|b illustrations, portraits
|
| 336 |
|
|
|a text
|b txt
|2 rdacontent
|
| 337 |
|
|
|a unmediated
|b n
|2 rdamedia
|
| 338 |
|
|
|a volume
|b nc
|2 rdacarrier
|
| 500 |
|
|
|a "Published ... in association with Taylor Publishing Company"--Verso title page.
|
| 504 |
|
|
|a "Bibliographical note": pages 183-187.
|
| 500 |
|
|
|a Includes index.
|
| 650 |
|
0 |
|a American newspapers
|z Virginia
|z Richmond
|x History
|y 19th century.
|
| 650 |
|
0 |
|a Journalists
|z Virginia
|z Richmond
|x Biography.
|
| 999 |
|
|
|a MARS
|
| 999 |
f |
f |
|s 008cbfd2-0ecf-38a0-8a29-767fb8b50147
|i 3907fe5f-171d-355a-9c00-b4fbaba74a29
|t 0
|
| 952 |
f |
f |
|p normal
|a Texas A&M University
|b College Station
|c Sterling C. Evans Library
|d Evans: Library Stacks
|t 0
|e PN4899.R53 D3 1987
|h Library of Congress classification
|i unmediated -- volume
|m A14812617983
|
| 998 |
f |
f |
|a PN4899.R53 D3 1987
|t 0
|l Evans: Library Stacks
|